[Event "Sachsen-ch U16 Girls"]
[Site "Sebnitz"]
[Date "2012.04.11"]
[Round "2"]
[White "Dorn, Franziska"]
[Black "Schlimpert, Vanessa"]
[Result "1-0"]
[WhiteElo "1192"]
[BlackElo "1242"]
[PlyCount "89"]
[EventDate "2012.04.10"]
[EventType "swiss"]
[EventRounds "6"]
[EventCountry "GER"]
[SourceTitle "CBM 148 Extra"]
[Source "ChessBase"]
[SourceDate "2012.06.22"]
[SourceVersion "1"]
[SourceVersionDate "2012.06.22"]
[SourceQuality "1"]

1. d4 c6 2. Bf4 d5 3. Nf3 Nf6 4. e3 Bf5 5. c3 Nbd7 6. Nbd2 e6 7. Be2 c5 8. a3 Be7 9. h3 0-0 10. Bh2 Ne4 11. Nxe4 Bxe4 12. Bd3 Nf6 13. Ng5 Bxg2 14. Rg1 Be4 15. Nxe4 dxe4 16. Bxe4 Bd6 17. Bxd6 Qxd6 18. Bg2 Rad8 19. Qf3 b6 20. Rd1 Qd5 21. Qg3 Qd6 22. Qf3 Qd5 23. Qxd5 exd5 24. dxc5 bxc5 25. b3 Rfe8 26. Kd2 Ne4+ 27. Bxe4 dxe4+ 28. Kc2 Rc8 29. Rd5 c4 30. b4 Re6 31. Rgd1 Kf8 32. R5d4 Ke7 33. Rd7+ Ke8 34. Rxa7 Kf8 35. Rad7 f5 36. R1d5 f4 37. Rf5+ Rf6 38. Rxf4 Rxf4 39. exf4 Re8 40. Kd2 Ra8 41. Rc7 Rxa3 42. Rxc4 Ra2+ 43. Ke3 Rc2 44. b5 Rb2 45. Rb4 1-0

[Event "Sachsen-ch U12 Girls"]
[Site "Sebnitz"]
[Date "2009.04.17"]
[Round "6"]
[White "Nitzsche, Pia"]
[Black "Dorn, Franziska"]
[Result "1-0"]
[WhiteElo "1228"]
[BlackElo "859"]
[PlyCount "135"]
[EventDate "2009.04.14"]
[EventType "swiss"]
[EventRounds "7"]
[EventCountry "GER"]
[SourceTitle "EXT 2010"]
[Source "ChessBase"]
[SourceDate "2010.11.25"]
[SourceVersion "1"]
[SourceVersionDate "2010.11.25"]
[SourceQuality "1"]

1. e4 d6 2. d4 Nf6 3. Nc3 g6 4. f3 Bg7 5. Be3 0-0 6. Qd2 Nbd7 7. 0-0-0 c5 8. dxc5 dxc5 9. Bxc5 b6 10. Be3 Bb7 11. Bh6 Ne5 12. Qe3 Qc7 13. Bxg7 Kxg7 14. g4 Rfd8 15. Rxd8 Rxd8 16. h4 Qc5 17. Qf4 Nc4 18. Bxc4 Qxc4 19. Nge2 Qc6 20. h5 Qd6 21. e5 Nd5 22. exd6 Nxf4 23. Nxf4 Rxd6 24. Rf1 Ba6 25. Rf2 e5 26. Nfd5 Bb7 27. Nc7 Bc6 28. N3b5 Rf6 29. Nxa7 Rxf3 30. Rxf3 Bxf3 31. hxg6 hxg6 32. g5 e4 33. Nd5 Kf8 34. Kd2 Ke8 35. Ke3 Kd7 36. Nc3 Bg4 37. Kxe4 Be6 38. Nab5 Kc6 39. Nd4+ Kd6 40. Nxe6 Kxe6 41. b4 f6 42. gxf6 Kxf6 43. Kf4 g5+ 44. Kg4 Ke5 45. a4 Kd6 46. Kxg5 Kc6 47. Kf5 Kd6 48. Ke4 Kc6 49. Kd4 Kd6 50. Kc4 Kc6 51. a5 bxa5 52. bxa5 Kb7 53. Kb5 Ka7 54. Nd5 Kb7 55. c4 Kb8 56. c5 Kb7 57. c6+ Kb8 58. c7+ Kc8 59. a6 Kd7 60. a7 Kd6 61. a8Q Ke5 62. c8Q Kd4 63. Qe6 Kd3 64. Qd8 Kd2 65. Nf4+ Kc3 66. Qc4+ Kb2 67. Qa5 Kb1 68. Qaa2# 1-0

[Event "Sachsen-ch U12 Girls"]
[Site "Sebnitz"]
[Date "2009.04.14"]
[Round "1"]
[White "Herbrig, Marie Helen"]
[Black "Dorn, Franziska"]
[Result "1-0"]
[WhiteElo "1130"]
[BlackElo "859"]
[PlyCount "79"]
[EventDate "2009.04.14"]
[EventType "swiss"]
[EventRounds "7"]
[EventCountry "GER"]
[SourceTitle "EXT 2010"]
[Source "ChessBase"]
[SourceDate "2010.11.25"]
[SourceVersion "1"]
[SourceVersionDate "2010.11.25"]
[SourceQuality "1"]

1. e4 d6 2. d4 Nf6 3. Nc3 g6 4. Nf3 Bg7 5. h3 0-0 6. Bc4 Nbd7 7. 0-0 e5 8. Bg5 Nb6 9. Bb3 Qd7 10. dxe5 dxe5 11. Nxe5 Qxd1 12. Raxd1 Nxe4 13. Nxe4 Bxe5 14. Be7 Re8 15. Nf6+ Bxf6 16. Bxf6 Bd7 17. Rfe1 Rxe1+ 18. Rxe1 Re8 19. Rd1 Kf8 20. c4 Re6 21. c5 Rxf6 22. cxb6 Rxb6 23. Rxd7 Rc6 24. Rxf7+ Ke8 25. Rxh7 Rc1+ 26. Kh2 Rc6 27. Ba4 Kd8 28. Bxc6 bxc6 29. Rg7 Kc8 30. Rxg6 Kb7 31. h4 Kb6 32. h5 Kb7 33. h6 Kb6 34. h7 Kb7 35. h8Q c5 36. Qc3 c6 37. Qxc5 a5 38. Qxc6+ Ka7 39. Rg7+ Kb8 40. Qb7# 1-0

[Event "Sachsen-ch U10 Girls"]
[Site "Sebnitz"]
[Date "2007.04.12"]
[Round "4"]
[White "Jentzsch, Juliane"]
[Black "Dorn, Franziska"]
[Result "0-1"]
[WhiteElo "856"]
[BlackElo "844"]
[PlyCount "76"]
[EventDate "2007.04.10"]
[EventType "swiss"]
[EventRounds "7"]
[EventCountry "GER"]
[SourceTitle "EXT 2008"]
[Source "ChessBase"]
[SourceDate "2007.11.25"]
[SourceVersion "1"]
[SourceVersionDate "2007.11.25"]
[SourceQuality "1"]

1. e4 c6 2. c4 d5 3. Nc3 e6 4. Nf3 Bc5 5. d3 Ne7 6. Bg5 Nd7 7. Be2 Nb6 8. 0-0 0-0 9. h3 Qc7 10. Bxe7 Bxe7 11. e5 f6 12. d4 fxe5 13. Bd3 exd4 14. Bb1 dxc3 15. Qc2 g6 16. h4 cxb2 17. h5 Rf6 18. Qxb2 Nxc4 19. Qc3 Qa5 20. Qd4 c5 21. Qf4 Rxf4 22. hxg6 hxg6 23. Bxg6 Rf6 24. Nh4 Bd6 25. f4 Bxf4 26. g3 Be3+ 27. Kg2 Bd4 28. Rxf6 Bxf6 29. Rf1 Bxh4 30. gxh4 Ne3+ 31. Kf2 Nxf1 32. Kxf1 Bd7 33. h5 Rf8+ 34. Kg2 Qd2+ 35. Kg3 Rf4 36. h6 Qe3+ 37. Kg2 Rf2+ 38. Kg1 Qe1# 0-1